| Tag |
First Indicator |
Second Indicator |
Subfields |
| LEADER |
00000cam a2200000 a 4500 |
| 001 |
in00001251421 |
| 005 |
20151003091059.0 |
| 008 |
950310s1995 enk b 001 0 eng |
| 010 |
|
|
|a 95013173
|
| 020 |
|
|
|a 0521558573 (pbk.)
|
| 035 |
|
|
|a (OCoLC)32237061
|
| 035 |
|
|
|9 AGV2865AM
|
| 040 |
|
|
|a DLC
|c DLC
|d TXA
|d UtOrBLW
|
| 049 |
|
|
|a TXAM
|
| 050 |
0 |
0 |
|a JC578
|b .J83 1995
|
| 082 |
0 |
0 |
|a 320.01/1
|2 20
|
| 245 |
0 |
4 |
|a The just society /
|c edited by Ellen Frankel Paul, Fred D. Miller, Jr., and Jeffrey Paul.
|
| 264 |
|
1 |
|a Cambridge ;
|a New York :
|b Cambridge University Press,
|c 1995.
|
| 300 |
|
|
|a xiii, 329 pages ;
|c 23 cm.
|
| 336 |
|
|
|a text
|b txt
|2 rdacontent
|
| 337 |
|
|
|a unmediated
|b n
|2 rdamedia
|
| 338 |
|
|
|a volume
|b nc
|2 rdacarrier
|
| 504 |
|
|
|a Includes bibliographical references and index.
|
| 650 |
|
0 |
|a Justice.
|
| 650 |
|
0 |
|a Equality.
|
| 700 |
1 |
|
|a Paul, Ellen Frankel.
|
| 700 |
1 |
|
|a Miller, Fred D.,
|c Jr.,
|d 1944-
|
| 700 |
1 |
|
|a Paul, Jeffrey.
|
| 999 |
|
|
|a MARS
|
| 999 |
f |
f |
|s a353f30c-945b-3245-8683-c1e57fc06d25
|i 7b9297f9-4637-3b5d-b8be-b80585c216aa
|t 0
|
| 952 |
f |
f |
|p ric
|a Texas A&M University
|b Rellis Campus
|c Joint Library Facility
|d Remote Storage
|t 0
|e JC578 .J83 1995
|h Library of Congress classification
|i unmediated -- volume
|m A14819831376
|
| 998 |
f |
f |
|a JC578 .J83 1995
|t 0
|l Remote Storage
|